Introduction to spectral analysis (Record no. 7734)
[ view plain ]
| 000 -LEADER | |
|---|---|
| fixed length control field | 00479 a2200157 4500 |
| 020 ## - INTERNATIONAL STANDARD BOOK NUMBER | |
| International Standard Book Number | 0132584190 |
| 040 ## - CATALOGING SOURCE | |
| Original cataloging agency | DLC |
| Language of cataloging | DLC |
| 082 00 - DEWEY DECIMAL CLASSIFICATION NUMBER | |
| Classification number | 519.5/4 |
| 100 1# - MAIN ENTRY--PERSONAL NAME | |
| Personal name | Stoica, Petre. |
| 245 10 - TITLE STATEMENT | |
| Title | Introduction to spectral analysis |
| Statement of responsibility, etc. | Petre Stoica and Randolph L. Moses. |
| 260 ## - PUBLICATION, DISTRIBUTION, ETC. | |
| Place of publication, distribution, etc. | Upper Saddle River, N.J. : |
| Name of publisher, distributor, etc. | Prentice Hall, |
| Date of publication, distribution, etc. | c1997. |
| 300 ## - PHYSICAL DESCRIPTION | |
| Extent | xviii, 319 p. : |
| Other physical details | ill. ; |
| Dimensions | 24 cm. |
| 650 #0 - SUBJECT ADDED ENTRY--TOPICAL TERM | |
| Topical term or geographic name entry element | Spectral theory (Mathematics) |
| 700 1# - ADDED ENTRY--PERSONAL NAME | |
| Personal name | Moses, Randolph L. |
| 942 ## - ADDED ENTRY ELEMENTS (KOHA) | |
| Koha item type | Book |
| Call number prefix | 519.54 STO |
| Source of classification or shelving scheme | |
| Withdrawn status | Lost status | Damaged status | Not for loan | Collection code | Permanent Location | Current Location | Shelving location | Date acquired | Source of acquisition | Cost, normal purchase price | Total Checkouts | Full call number | Barcode | Date last seen | Price effective from | Koha item type |
|---|---|---|---|---|---|---|---|---|---|---|---|---|---|---|---|---|
| Central Library (CL) | Central Library (CL) | General Stacks | 10/17/2006 | Progressive International Agencies | 6391.14 | 519.54 STO | SEECS007644 | 11/14/2012 | 01/05/2017 | Book |
